000 00883nas a2200253 4500
001 BR8707982
003 BR-BrBNA
005 20231205090954.0
007 ta
008 230509b bl.|||p| |||| 00| 00por d
040 _aBR-BrBNA
_bpor
_cBiblioteca Nacional de Agricultura
041 _a(Pt)
072 _aF30
100 1 _aCid, L.P.B.
245 1 _aRegeneracao de plantas de Elaeis oleifera e de seu hibrido com Elaeis guineensis via embriogenese somatica
246 1 _aPlant regeneration from Elaeis oleifera and of the hybrid of this with Elaeis guineensis, via in vitro somatic embriogenesis
650 _aDENDE
650 _aCAIAUE
650 _aHIBRIDACAO
650 _aEMBRIAO
773 0 _tPesquisa Agropecuaria Brasileira (Brazil)
_xISSN 0100-204X
_g(Jan 1987), v. 22(1) p. 109-113
_wBR8707982
909 _a202311
_bLúcia
_c55
_dLúcia Elande
942 _2AGRIS
_n0
_cANA
999 _c121963
_d121963